| 000 | 00655nam a2200121Ia 4500 | ||
|---|---|---|---|
| 008 | 220620s9999||||xx |||||||||||||| ||und|| | ||
| 100 | _aDaschner de Tercero, Maren | ||
| 245 | 0 | _aNear-critical and supercritical hydrothermal flow synthesis of metal oxide nanoparticles and hybrid metal oxide nanoparticles presenting clickable anchors | |
| 546 | _aEnglish[eng] | ||
| 650 | _aClick-ChemieHydrothermal synthesis||Kern-Schale-Nanopartikel||Hydrothermale Synthese||Supercritical water||Differential centrifugal sedimentation||Core-shell nanoparticles||Click chemistry||Überkritisches Wasser | ||
| 856 | _uhttps://www.ksp.kit.edu/9783731502623 | ||
| 942 | _cEB | ||
| 999 |
_c28745 _d28745 |
||